Pulse and Switching Circuits (Record no. 193563)
[ view plain ]
| 000 -LEADER | |
|---|---|
| fixed length control field | 00710 a2200169 4500 |
| 003 - CONTROL NUMBER IDENTIFIER | |
| control field | Nust |
| 005 - DATE AND TIME OF LATEST TRANSACTION | |
| control field | 20170207154101.0 |
| 040 ## - CATALOGING SOURCE | |
| Transcribing agency | Nust |
| 082 ## - DEWEY DECIMAL CLASSIFICATION NUMBER | |
| Classification number | 621.381534 |
| 100 ## - MAIN ENTRY--PERSONAL NAME | |
| Personal name | Harvey F.Swearer |
| 245 ## - TITLE STATEMENT | |
| Title | Pulse and Switching Circuits |
| Statement of responsibility, etc. | Swearer,Harvey F. |
| 260 ## - PUBLICATION, DISTRIBUTION, ETC. | |
| Place of publication, distribution, etc. | America |
| Name of publisher, distributor, etc. | TAb books |
| Date of publication, distribution, etc. | 1970 |
| 300 ## - PHYSICAL DESCRIPTION | |
| Extent | 254p |
| 505 ## - FORMATTED CONTENTS NOTE | |
| Formatted contents note | Pulse (Page-7),Pulse Generators (Page-23),Response Characteristics (Page-59),Television (Page-102),Digital Computers (Page-112),Rader (Page-156),Telemetry (Page-171),Closed-Loop Radio Remote Control (Page-186),Automation (Page-197),Probe Problems (Page-225),Miscellaneous Switching Circuits (Page-249). |
| 538 ## - SYSTEM DETAILS NOTE | |
| System details note | Almirah No.35 Shelf No.6 |
| 650 ## - SUBJECT ADDED ENTRY--TOPICAL TERM | |
| Topical term or geographic name entry element | Telecommunication Engineering |
| 942 ## - ADDED ENTRY ELEMENTS (KOHA) | |
| Source of classification or shelving scheme | |
| Koha item type | Book |
| Withdrawn status | Lost status | Source of classification or shelving scheme | Damaged status | Not for loan | Permanent Location | Current Location | Shelving location | Date acquired | Full call number | Barcode | Date last seen | Price effective from | Koha item type | Public note |
|---|---|---|---|---|---|---|---|---|---|---|---|---|---|---|
| Military College of Signals (MCS) | Military College of Signals (MCS) | General Stacks | 12/12/2016 | 621.381534 SWE | MCS5538 | 12/08/2016 | 12/12/2016 | Book | Almirha No 83, Shelf No 1 |
